[Event "Kronborg Chess Open 2024 Master1"]
[Site "Helsingor"]
[Date "2024.05.09"]
[Round "1"]
[White "Medhus, Vitus Bondo"]
[Black "Ronce, Nathan"]
[Result "1-0"]
[WhiteElo "2213"]
[BlackElo "2189"]
[PlyCount "67"]
[EventDate "2024.05.09"]
[EventType "tourn"]
[EventRounds "7"]
[EventCountry "DEN"]
[SourceTitle "Live from Kronborg Chess Open 2024"]

1. e4 c5 2. Nc3 Nc6 3. f4 g6 4. Nf3 Bg7 5. a3 b6 6. Bb5 Nd4 7. Nxd4 cxd4 8. Ne2 Bb7 9. d3 a6 10. Ba4 e6 11. f5 gxf5 12. Ng3 fxe4 13. O-O e3 14. Qg4 Kf8 15. c3 f5 16. cxd4 Qf6 17. Nxf5 e2 18. Bg5 exf1=Q+ 19. Rxf1 exf5 20. Rxf5 Qf7 21. Rxf7+ Kxf7 22. Qxd7+ Kg6 23. Qxb7 Bxd4+ 24. Kh1 Rf8 25. Qe4+ Kxg5 26. h4+ Kh6 27. Qxd4 Nf6 28. Qf4+ Kg7 29. Qg3+ Kf7 30. Bb3+ Ke7 31. Qe3+ Kd7 32. Qxb6 Ne8 33. Ba4+ Ke7 34. Bxe8 1-0

[Event "Kronborg Chess Open 2024 Master1"]
[Site "Helsingor"]
[Date "2024.05.09"]
[Round "1"]
[White "Jarlskov, Daniel Tuk Hartso"]
[Black "Larsen, Ole Bogh"]
[Result "0-1"]
[WhiteElo "2125"]
[BlackElo "2205"]
[PlyCount "134"]
[EventDate "2024.05.09"]
[EventType "tourn"]
[EventRounds "7"]
[EventCountry "DEN"]
[SourceTitle "Live from Kronborg Chess Open 2024"]

1. c4 Nf6 2. Nf3 c6 3. g3 g6 4. Bg2 Bg7 5. O-O O-O 6. Nc3 d5 7. cxd5 cxd5 8. d4 Ne4 9. Ne5 Nxc3 10. bxc3 Nd7 11. Nxd7 Qxd7 12. Qb3 Rd8 13. e4 dxe4 14. Bxe4 Qc7 15. Bf4 e5 16. Bg5 Rd6 17. d5 Rb6 18. Qa3 Bf8 19. Qc1 Bh3 20. Re1 Rc8 21. Be3 Bc5 22. Bg2 Bxg2 23. Kxg2 Qd6 24. Qd2 Bxe3 25. fxe3 Qc5 26. Rac1 Qc4 27. e4 Ra6 28. Rc2 b5 29. Re2 Ra3 30. d6 Ra6 31. Qd5 Qxd5 32. exd5 f6 33. d7 Rd8 34. c4 bxc4 35. Rxc4 Rxd7 36. Rc6 Rxc6 37. dxc6 Rc7 38. Rb2 Rxc6 39. Rb8+ Kf7 40. Rb7+ Ke6 41. Rxa7 h5 42. h4 Kf5 43. Ra4 Rc3 44. Kf2 g5 45. hxg5 fxg5 46. Kg2 Rc2+ 47. Kg1 e4 48. Kf1 Kg4 49. Rxe4+ Kf3 50. Re5 Rxa2 51. Rf5+ Kg4 52. Rb5 Ra3 53. Rb4+ Kxg3 54. Rb5 Kf4 55. Kg2 Ra2+ 56. Kg1 h4 57. Rb4+ Kg3 58. Rb3+ Kg4 59. Rb4+ Kh5 60. Rb5 h3 61. Rb3 Kh4 62. Rb4+ g4 63. Rc4 Re2 64. Ra4 Kg3 65. Ra3+ Kf4 66. Ra4+ Kf3 67. Kf1 h2 0-1

[Event "Kronborg Chess Open 2024 Master1"]
[Site "Helsingor"]
[Date "2024.05.09"]
[Round "1"]
[White "Aamodt, Peder Marcus"]
[Black "Zander, Emil"]
[Result "0-1"]
[WhiteElo "2163"]
[BlackElo "2124"]
[PlyCount "84"]
[EventDate "2024.05.09"]
[EventType "tourn"]
[EventRounds "7"]
[EventCountry "DEN"]
[SourceTitle "Live from Kronborg Chess Open 2024"]

1. e4 c5 2. Nf3 d6 3. d4 cxd4 4. Nxd4 Nf6 5. Nc3 a6 6. Bg5 e6 7. f4 Be7 8. Qf3 Qc7 9. O-O-O Nbd7 10. g4 h6 11. Bxf6 Bxf6 12. h4 Nb6 13. g5 Bxd4 14. Rxd4 Qc5 15. Qd3 hxg5 16. b4 Qc7 17. fxg5 Bd7 18. Rxd6 Nc8 19. Rd4 Nb6 20. e5 Bc6 21. Rh3 Qxe5 22. Re3 Qh2 23. Ne4 Nd5 24. Re2 Qf4+ 25. Nd2 Bb5 26. Qxb5+ axb5 27. Rxf4 Nxf4 28. Re4 Rxh4 29. Bxb5+ Ke7 30. a4 Ng6 31. a5 f5 32. Rxh4 Nxh4 33. Nc4 f4 34. Kd2 Rd8+ 35. Ke2 e5 36. a6 bxa6 37. Nxe5 f3+ 38. Ke3 axb5 39. Nc6+ Kd7 40. Nxd8 Kxd8 41. Kf2 Kd7 42. Kg3 Kd6 0-1

[Event "Kronborg Chess Open 2024 Master1"]
[Site "Helsingor"]
[Date "2024.05.09"]
[Round "2"]
[White "Medhus, Vitus Bondo"]
[Black "Jarlskov, Daniel Tuk Hartso"]
[Result "1-0"]
[WhiteElo "2213"]
[BlackElo "2125"]
[PlyCount "63"]
[EventDate "2024.05.09"]
[EventType "tourn"]
[EventRounds "7"]
[EventCountry "DEN"]
[SourceTitle "Live from Kronborg Chess Open 2024"]

1. e4 c6 2. d4 d5 3. f3 e5 4. dxe5 Qb6 5. Nc3 d4 6. Nb1 Bb4+ 7. Nd2 Nd7 8. f4 f6 9. Bc4 fxe5 10. Bxg8 Rxg8 11. fxe5 Nxe5 12. Qh5+ Ng6 13. Qxh7 Ne7 14. Ngf3 Bg4 15. Ne5 Be6 16. Nd3 Bxd2+ 17. Bxd2 O-O-O 18. Qh5 g5 19. O-O-O Qb5 20. h4 Bxa2 21. Bxg5 Bc4 22. Qh7 Rgf8 23. Qxe7 Rde8 24. Qd6 Bxd3 25. Rxd3 c5 26. Bf4 Rxf4 27. Qxf4 Re6 28. Qf5 Kd7 29. Rxd4+ Ke7 30. Qg5+ Kf7 31. Rd7+ Qxd7 32. Rf1+ 1-0

[Event "Kronborg Chess Open 2024 Master1"]
[Site "Helsingor"]
[Date "2024.05.09"]
[Round "2"]
[White "Larsen, Ole Bogh"]
[Black "Aamodt, Peder Marcus"]
[Result "1-0"]
[WhiteElo "2205"]
[BlackElo "2163"]
[PlyCount "127"]
[EventDate "2024.05.09"]
[EventType "tourn"]
[EventRounds "7"]
[EventCountry "DEN"]
[SourceTitle "Live from Kronborg Chess Open 2024"]

1. e4 e5 2. Nf3 Nc6 3. Bb5 a6 4. Ba4 Nf6 5. O-O b5 6. Bb3 Bc5 7. Re1 d6 8. h3 Na5 9. d4 Bxd4 10. Nxd4 exd4 11. e5 dxe5 12. Rxe5+ Be6 13. Bxe6 fxe6 14. Rxe6+ Kf7 15. Re1 Qd5 16. Bf4 c5 17. Re5 Qd6 18. Bh2 Nc4 19. Re1 Qd7 20. b3 Nb6 21. Nd2 Rhe8 22. Qf3 Kg8 23. Be5 Nbd5 24. a4 Ra7 25. Bxf6 Rxe1+ 26. Rxe1 Nxf6 27. Ne4 Nxe4 28. Rxe4 bxa4 29. bxa4 Rb7 30. Rf4 Rb8 31. Rf5 Qd6 32. g3 c4 33. Rd5 Qb6 34. Rd7 Qg6 35. Qd5+ Kf8 36. Qc5+ Kg8 37. Qxc4+ Kh8 38. Qxd4 Qg5 39. h4 Qc1+ 40. Kg2 Rg8 41. Rd8 h6 42. Rxg8+ Kxg8 43. Qc4+ Kh8 44. Qc8+ Kh7 45. Qf5+ Kh8 46. Qe4 Qb2 47. c4 Qb6 48. Qd5 a5 49. c5 Qb4 50. c6 Qc3 51. Qf3 Qc4 52. g4 h5 53. gxh5 Kh7 54. Kg3 Qc1 55. Qe4+ Kh8 56. Qf3 Kh7 57. h6 gxh6 58. Qe4+ Kh8 59. Qe5+ Kh7 60. c7 Qg1+ 61. Kf3 Qh1+ 62. Ke2 Qh3 63. Qe7+ Kg6 64. Qe8+ 1-0

[Event "Kronborg Chess Open 2024 Master1"]
[Site "Helsingor"]
[Date "2024.05.09"]
[Round "2"]
[White "Zander, Emil"]
[Black "Jorgensen, Dennis"]
[Result "0-1"]
[WhiteElo "2124"]
[BlackElo "2148"]
[PlyCount "106"]
[EventDate "2024.05.09"]
[EventType "tourn"]
[EventRounds "7"]
[EventCountry "DEN"]
[SourceTitle "Live from Kronborg Chess Open 2024"]

1. e4 g6 2. d4 c6 3. Nf3 d5 4. e5 Bg4 5. Be2 e6 6. O-O Bg7 7. c3 Nd7 8. Bf4 Ne7 9. Nbd2 O-O 10. h3 Bxf3 11. Nxf3 c5 12. Qd2 Qb6 13. b4 cxd4 14. cxd4 Rfc8 15. Rfc1 Nc6 16. Rab1 Qd8 17. Bg5 f6 18. exf6 Bxf6 19. Qe3 Qe7 20. Bxf6 Qxf6 21. Bb5 Qe7 22. a3 Nd8 23. Re1 Nf8 24. h4 Rc7 25. h5 Rac8 26. hxg6 hxg6 27. Qf4 Rc3 28. Ne5 Nf7 29. Qg4 Kg7 30. Nf3 Nd6 31. a4 Qf6 32. Ng5 Nf5 33. Re5 Rc1+ 34. Rxc1 Rxc1+ 35. Kh2 Rc2 36. f3 Rd2 37. f4 Rxd4 38. Nf3 Nh6 39. Qg3 Rxf4 40. Rg5 Kh7 41. Bd3 Rxb4 42. Qd6 Qf4+ 43. Qxf4 Rxf4 44. Ne5 Rf6 45. Rg3 Kg7 46. Bb1 Nf7 47. Nf3 e5 48. Nh4 e4 49. Ba2 d4 50. Rg4 Nd6 51. Bd5 e3 52. Bf3 Ne6 53. Be2 Nf4 0-1

[Event "Kronborg Chess Open 2024 Master1"]
[Site "Helsingor"]
[Date "2024.05.10"]
[Round "3"]
[White "Aamodt, Peder Marcus"]
[Black "Medhus, Vitus Bondo"]
[Result "0-1"]
[WhiteElo "2163"]
[BlackElo "2213"]
[PlyCount "98"]
[EventDate "2024.05.09"]
[EventType "tourn"]
[EventRounds "7"]
[EventCountry "DEN"]
[SourceTitle "Live from Kronborg Chess Open 2024"]

1. c4 e5 2. Nc3 Nf6 3. Nf3 Nc6 4. e3 d5 5. cxd5 Nxd5 6. Bb5 Nxc3 7. bxc3 Bd6 8. d4 exd4 9. cxd4 O-O 10. O-O Bg4 11. Bb2 Ne7 12. Be2 c6 13. Qb3 Qb6 14. e4 Ng6 15. g3 Rfe8 16. Qc2 Qa5 17. e5 Bc7 18. Rfe1 Rad8 19. h3 Bxh3 20. Ng5 Be6 21. Nxe6 Rxe6 22. Bc4 Ree8 23. Qb3 Rf8 24. Bc3 Qb6 25. Bb4 Qxd4 26. Bxf8 Bb6 27. Bxf7+ Kxf8 28. Bxg6 hxg6 29. Qf3+ Kg8 30. Qf4 Rf8 31. Qxd4 Bxd4 32. Red1 Bxa1 33. Rxa1 Kf7 34. f4 Rd8 35. Kf2 Ke6 36. Kf3 c5 37. Kg4 Rd3 38. Rg1 c4 39. Kg5 c3 40. g4 Rf3 41. Rc1 b5 42. a3 a5 43. Kxg6 Rxf4 44. Rxc3 Rxg4+ 45. Kh5 Rc4 46. Rg3 Rc7 47. Rg6+ Kxe5 48. Rg5+ Kd4 49. Kg6 Rb7 0-1

[Event "Kronborg Chess Open 2024 Master1"]
[Site "Helsingor"]
[Date "2024.05.10"]
[Round "3"]
[White "Jarlskov, Daniel Tuk Hartso"]
[Black "Ronce, Nathan"]
[Result "0-1"]
[WhiteElo "2125"]
[BlackElo "2189"]
[PlyCount "68"]
[EventDate "2024.05.09"]
[EventType "tourn"]
[EventRounds "7"]
[EventCountry "DEN"]
[SourceTitle "Live from Kronborg Chess Open 2024"]

1. d4 d5 2. c4 e6 3. Nf3 Nf6 4. g3 Be7 5. Bg2 O-O 6. O-O c6 7. Nc3 a5 8. Ne5 Nfd7 9. Nxd7 Nxd7 10. Qd3 b6 11. b3 Ba6 12. e4 dxc4 13. bxc4 Ne5 14. Qc2 Nxc4 15. Rd1 Nd6 16. Ba3 Rc8 17. Na4 Bb5 18. Rab1 Nc4 19. Bxe7 Qxe7 20. Qb3 Bxa4 21. Qxa4 b5 22. Qb3 Na3 23. Rbc1 b4 24. Qa4 Nb5 25. Qxa5 Nc3 26. Rd2 c5 27. d5 exd5 28. exd5 Ne2+ 29. Rxe2 Qxe2 30. Rxc5 b3 31. axb3 Ra8 32. Qc3 Ra2 33. Qd4 Rd2 34. Bf3 Qe1+ 0-1

[Event "Kronborg Chess Open 2024 Master1"]
[Site "Helsingor"]
[Date "2024.05.10"]
[Round "3"]
[White "Jorgensen, Dennis"]
[Black "Larsen, Ole Bogh"]
[Result "1/2-1/2"]
[WhiteElo "2148"]
[BlackElo "2205"]
[PlyCount "94"]
[EventDate "2024.05.09"]
[EventType "tourn"]
[EventRounds "7"]
[EventCountry "DEN"]
[SourceTitle "Live from Kronborg Chess Open 2024"]

1. Nf3 Nf6 2. c4 c6 3. g3 g6 4. b3 Bg7 5. Bb2 d5 6. Bg2 O-O 7. O-O Bf5 8. d3 Nbd7 9. Nbd2 dxc4 10. Nxc4 Nb6 11. Nce5 Ng4 12. Qc2 Nxe5 13. Bxe5 Bxe5 14. Nxe5 Nd7 15. Nc4 Nf6 16. Qb2 Qd7 17. Rfe1 Bh3 18. Bh1 Rad8 19. Rad1 Qf5 20. Qe5 Qxe5 21. Nxe5 Nd5 22. Rc1 f6 23. Nc4 e5 24. Na5 Rf7 25. a3 Kg7 26. b4 Be6 27. Rc2 Nb6 28. Rec1 Bd5 29. Bg2 Bxg2 30. Kxg2 f5 31. Nb3 Na4 32. Rc4 Re7 33. Kf1 Rd5 34. Ke1 g5 35. f3 h5 36. h3 Kf6 37. Nd2 Red7 38. Kf2 Rd4 39. Nb3 R4d5 40. R1c2 Rh7 41. Nd2 Nb6 42. Rc5 Rhd7 43. Nb3 Na4 44. R5c4 Nb6 45. R4c3 Na4 46. Rc4 Nb6 47. R4c3 Na4 1/2-1/2

[Event "Kronborg Chess Open 2024 Master1"]
[Site "Helsingor"]
[Date "2024.05.10"]
[Round "4"]
[White "Medhus, Vitus Bondo"]
[Black "Jorgensen, Dennis"]
[Result "1-0"]
[WhiteElo "2213"]
[BlackElo "2148"]
[PlyCount "79"]
[EventDate "2024.05.09"]
[EventType "tourn"]
[EventRounds "7"]
[EventCountry "DEN"]
[SourceTitle "Live from Kronborg Chess Open 2024"]

1. e4 c6 2. d4 d5 3. f3 Qa5+ 4. Nc3 b5 5. Be3 b4 6. Nb1 Ba6 7. Bxa6 Nxa6 8. Nd2 e6 9. Ne2 Nf6 10. e5 Nd7 11. O-O Be7 12. g4 Nc7 13. c3 Qa6 14. Rc1 Rb8 15. Ng3 bxc3 16. bxc3 Rb2 17. a4 Nb6 18. a5 Nc4 19. Nxc4 Qxc4 20. f4 Kd7 21. f5 Qa2 22. Qf3 Rhb8 23. Nh5 Rc2 24. Nxg7 Rbb2 25. Rxc2 Rxc2 26. fxe6+ fxe6 27. Bf2 Qxa5 28. Qf7 Qxc3 29. Nh5 Qb4 30. Qxh7 Rb2 31. g5 Kc8 32. g6 Rxf2 33. Rxf2 Qe1+ 34. Kg2 Qe4+ 35. Kh3 Qh4+ 36. Kg2 Qe4+ 37. Rf3 Qe2+ 38. Kg3 Qe1+ 39. Kh3 Bd8 40. g7 1-0

[Event "Kronborg Chess Open 2024 Master1"]
[Site "Helsingor"]
[Date "2024.05.10"]
[Round "4"]
[White "Jarlskov, Daniel Tuk Hartso"]
[Black "Aamodt, Peder Marcus"]
[Result "0-1"]
[WhiteElo "2125"]
[BlackElo "2163"]
[PlyCount "80"]
[EventDate "2024.05.09"]
[EventType "tourn"]
[EventRounds "7"]
[EventCountry "DEN"]
[SourceTitle "Live from Kronborg Chess Open 2024"]

1. d4 d5 2. c4 c6 3. Nf3 Nf6 4. g3 Bf5 5. Bg2 e6 6. O-O h6 7. Nc3 Be7 8. b3 O-O 9. Bb2 Nbd7 10. Re1 Ne4 11. Nd2 Ndf6 12. f3 Nxc3 13. Bxc3 c5 14. e4 cxd4 15. Bxd4 dxe4 16. Nxe4 Bxe4 17. fxe4 Ng4 18. e5 h5 19. h3 Bb4 20. Rf1 Nh6 21. Bxb7 Rb8 22. Be4 Qg5 23. Qf3 h4 24. g4 Rbd8 25. Qe3 Qe7 26. Kg2 Qc7 27. g5 Nf5 28. Bxf5 exf5 29. Rxf5 Qc6+ 30. Kh2 Rd7 31. Rf4 Rfd8 32. Rxh4 Qg6 33. Rf1 Be7 34. Rg4 a6 35. Rfg1 Ba3 36. Re4 Qf5 37. Rg2 Bc1 38. Qxc1 Qxe4 39. Be3 Rd1 40. Rd2 R8xd2+ 0-1

[Event "Kronborg Chess Open 2024 Master1"]
[Site "Helsingor"]
[Date "2024.05.10"]
[Round "4"]
[White "Larsen, Ole Bogh"]
[Black "Rosenlund, Thorbjorn"]
[Result "0-1"]
[WhiteElo "2205"]
[BlackElo "2155"]
[PlyCount "60"]
[EventDate "2024.05.09"]
[EventType "tourn"]
[EventRounds "7"]
[EventCountry "DEN"]
[SourceTitle "Live from Kronborg Chess Open 2024"]

1. e4 e5 2. Nf3 d6 3. d4 exd4 4. Nxd4 Nf6 5. Nc3 Be7 6. Bd3 O-O 7. O-O Nc6 8. Nxc6 bxc6 9. Re1 Ng4 10. h3 Ne5 11. Bf1 f5 12. f4 Ng6 13. Bc4+ Kh8 14. e5 Bh4 15. Re2 d5 16. Bd3 Bg3 17. Qf1 Qh4 18. e6 Bxf4 19. e7 Re8 20. g3 Qxg3+ 21. Kh1 Bxc1 22. Rxc1 Nf4 23. Ree1 Nxh3 24. Qg2 Qxg2+ 25. Kxg2 Nf4+ 26. Kf3 Ne6 27. Kg3 g6 28. Na4 Kg7 29. Re5 Bd7 30. Nc5 Nxc5 0-1

[Event "Kronborg Chess Open 2024 Master1"]
[Site "Helsingor"]
[Date "2024.05.11"]
[Round "5"]
[White "Rosenlund, Thorbjorn"]
[Black "Medhus, Vitus Bondo"]
[Result "0-1"]
[WhiteElo "2155"]
[BlackElo "2213"]
[PlyCount "104"]
[EventDate "2024.05.09"]
[EventType "tourn"]
[EventRounds "7"]
[EventCountry "DEN"]
[SourceTitle "Live from Kronborg Chess Open 2024"]

1. d4 d5 2. Nf3 Nf6 3. c4 e6 4. e3 Nbd7 5. Nbd2 b6 6. cxd5 exd5 7. Bb5 Bd6 8. Bc6 Rb8 9. Ne5 O-O 10. f4 Bb7 11. Qa4 Bxc6 12. Qxc6 Qe8 13. O-O Nxe5 14. Qxe8 Nf3+ 15. gxf3 Rfxe8 16. Kf2 a5 17. b3 g6 18. Bb2 Re6 19. a3 Rbe8 20. Rfe1 Nh5 21. Nf1 a4 22. Bc3 axb3 23. Reb1 Be7 24. Rxb3 Bh4+ 25. Kg1 Rxe3 26. Nxe3 Rxe3 27. Rab1 Bf6 28. Be1 Re2 29. Bf2 Nxf4 30. Kf1 Rc2 31. R3b2 Rc3 32. Rb3 Rc6 33. Be3 Ne6 34. Rb5 Bxd4 35. Bxd4 Nxd4 36. Rxd5 Nxf3 37. Kg2 Nh4+ 38. Kh3 Nf5 39. Rb3 Rc2 40. Rdd3 h5 41. Rbc3 Ra2 42. Rd5 Rf2 43. Rxc7 g5 44. Rd8+ Kg7 45. Rc4 g4+ 46. Rxg4+ hxg4+ 47. Kxg4 Nh6+ 48. Kg3 Rb2 49. Rb8 b5 50. h4 Nf5+ 51. Kg4 Ne3+ 52. Kg5 Nc4 0-1

[Event "Kronborg Chess Open 2024 Master1"]
[Site "Helsingor"]
[Date "2024.05.11"]
[Round "5"]
[White "Jorgensen, Dennis"]
[Black "Jarlskov, Daniel Tuk Hartso"]
[Result "1-0"]
[WhiteElo "2148"]
[BlackElo "2125"]
[PlyCount "91"]
[EventDate "2024.05.09"]
[EventType "tourn"]
[EventRounds "7"]
[EventCountry "DEN"]
[SourceTitle "Live from Kronborg Chess Open 2024"]

1. Nf3 Nf6 2. c4 e6 3. d4 d5 4. e3 c5 5. a3 a6 6. dxc5 Bxc5 7. b4 Ba7 8. Bb2 O-O 9. Nbd2 Nc6 10. Rc1 Qe7 11. Be2 Rd8 12. Qc2 Bd7 13. O-O Rac8 14. Qb1 Be8 15. Rfd1 h6 16. Qa1 dxc4 17. Bxc4 Nb8 18. Bb3 Rxc1 19. Qxc1 Nd5 20. Nc4 Nc6 21. Qa1 f6 22. Nd4 Nxd4 23. Bxd4 Bxd4 24. Qxd4 Rd7 25. Qb2 Bf7 26. h3 Nc7 27. Rd2 Qd8 28. Rxd7 Qxd7 29. Qc2 e5 30. Na5 Nb5 31. Bxf7+ Qxf7 32. Qc8+ Kh7 33. Nxb7 Nxa3 34. Nd6 Qg6 35. Kh2 Nc2 36. Qc3 Kh8 37. g4 Kh7 38. Nf5 Na1 39. Qxa1 h5 40. Qg1 Qg5 41. Qg3 g6 42. Nd6 h4 43. Qf3 e4 44. Qxe4 f5 45. gxf5 Qf6 46. Qe6 1-0

[Event "Kronborg Chess Open 2024 Master1"]
[Site "Helsingor"]
[Date "2024.05.11"]
[Round "5"]
[White "Aamodt, Peder Marcus"]
[Black "Ronce, Nathan"]
[Result "1-0"]
[WhiteElo "2163"]
[BlackElo "2189"]
[PlyCount "67"]
[EventDate "2024.05.09"]
[EventType "tourn"]
[EventRounds "7"]
[EventCountry "DEN"]
[SourceTitle "Live from Kronborg Chess Open 2024"]

1. e4 c5 2. Nf3 d6 3. Bb5+ Bd7 4. Bxd7+ Nxd7 5. O-O Ngf6 6. Qe2 e6 7. d4 cxd4 8. Nxd4 Be7 9. c4 O-O 10. b3 a6 11. Nc3 Qa5 12. Bb2 Rac8 13. Rac1 Rfe8 14. f4 d5 15. e5 Ne4 16. Nxe4 dxe4 17. a3 f5 18. b4 Qa4 19. c5 Kh8 20. Nxe6 a5 21. Qc2 Qc6 22. Nd4 Qg6 23. Qb3 h6 24. Qd5 Nf8 25. Qxb7 axb4 26. axb4 Rb8 27. Qc6 Rxb4 28. Qxg6 Nxg6 29. Ba1 Nf8 30. Nxf5 Ne6 31. Nxe7 Rxe7 32. f5 Nc7 33. e6 Kh7 34. Rfd1 1-0

[Event "Kronborg Chess Open 2024 Master1"]
[Site "Helsingor"]
[Date "2024.05.11"]
[Round "6"]
[White "Medhus, Vitus Bondo"]
[Black "Zander, Emil"]
[Result "0-1"]
[WhiteElo "2213"]
[BlackElo "2124"]
[PlyCount "130"]
[EventDate "2024.05.09"]
[EventType "tourn"]
[EventRounds "7"]
[EventCountry "DEN"]
[SourceTitle "Live from Kronborg Chess Open 2024"]

1. d4 Nf6 2. Nf3 d5 3. e3 c5 4. b3 cxd4 5. exd4 Nc6 6. Bd3 Bg4 7. Bb2 e6 8. h3 Bxf3 9. Qxf3 Qa5+ 10. Bc3 Bb4 11. Bxb4 Nxb4 12. O-O O-O 13. c3 Nxd3 14. Qxd3 Rac8 15. a4 Ne4 16. Rc1 Rc6 17. f3 Nd6 18. b4 Qd8 19. Nd2 Qe7 20. Nb3 Rfc8 21. Nc5 Nc4 22. Rc2 h6 23. Re1 Nd6 24. g3 b6 25. b5 R6c7 26. Na6 Rc4 27. Nb4 Qc7 28. Rec1 Nf5 29. f4 Nd6 30. Kg2 Ne4 31. Na6 Qd7 32. Nb4 Qd6 33. Kh2 Kf8 34. Kg2 g6 35. Kh2 Kg7 36. Kg2 g5 37. fxg5 hxg5 38. Kh2 Qc7 39. Qf3 Qd7 40. Nc6 f6 41. Ra2 a5 42. Re2 Rxa4 43. c4 Rxc6 44. bxc6 Qxc6 45. Rf1 f5 46. cxd5 Qxd5 47. Rb1 Qxd4 48. Rc1 Qd6 49. Rec2 Ra3 50. Rc7+ Kg6 51. R7c6 Qxc6 52. Rxc6 Rxf3 53. Rxe6+ Kf7 54. Rxb6 a4 55. h4 Rf2+ 56. Kg1 a3 57. hxg5 a2 58. g6+ Kg7 59. Rb7+ Kxg6 60. Rb6+ Kg5 61. Ra6 Rb2 62. g4 Kxg4 63. Rg6+ Kf3 64. Rg3+ Kxg3 65. Kf1 a1=Q# 0-1

[Event "Kronborg Chess Open 2024 Master1"]
[Site "Helsingor"]
[Date "2024.05.11"]
[Round "6"]
[White "Jarlskov, Daniel Tuk Hartso"]
[Black "Rosenlund, Thorbjorn"]
[Result "1-0"]
[WhiteElo "2125"]
[BlackElo "2155"]
[PlyCount "83"]
[EventDate "2024.05.09"]
[EventType "tourn"]
[EventRounds "7"]
[EventCountry "DEN"]
[SourceTitle "Live from Kronborg Chess Open 2024"]

1. d4 Nf6 2. c4 c5 3. d5 b5 4. cxb5 a6 5. bxa6 g6 6. Nc3 Bg7 7. e4 d6 8. Nf3 O-O 9. Be2 Bxa6 10. O-O Nbd7 11. Nd2 Ne5 12. Bxa6 Rxa6 13. Qe2 Qb6 14. Kh1 Ra7 15. f4 Ned7 16. e5 Ne8 17. Nb5 Rb7 18. a4 dxe5 19. Nc4 Qa6 20. fxe5 Rxb5 21. axb5 Qxa1 22. Bg5 Qa8 23. Bxe7 Qxd5 24. Bxf8 Bxf8 25. e6 Qxe6 26. Qxe6 fxe6 27. b6 Nb8 28. Ra1 Nd6 29. Ra8 Nxc4 30. Rxb8 Nxb6 31. Rxb6 Kf7 32. Rb7+ Be7 33. Kg1 e5 34. Kf2 Ke6 35. Kf3 h5 36. Ke4 Bd6 37. h3 h4 38. b3 Be7 39. Rxe7+ Kxe7 40. Kxe5 Kd7 41. Kd5 c4 42. bxc4 1-0

[Event "Kronborg Chess Open 2024 Master1"]
[Site "Helsingor"]
[Date "2024.05.11"]
[Round "6"]
[White "Aamodt, Peder Marcus"]
[Black "Jorgensen, Dennis"]
[Result "1-0"]
[WhiteElo "2163"]
[BlackElo "2148"]
[PlyCount "55"]
[EventDate "2024.05.09"]
[EventType "tourn"]
[EventRounds "7"]
[EventCountry "DEN"]
[SourceTitle "Live from Kronborg Chess Open 2024"]

1. e4 g6 2. d4 c6 3. Nc3 d5 4. e5 Bg7 5. Bf4 Nd7 6. Qd2 f6 7. Nf3 fxe5 8. dxe5 Nc5 9. h4 Bf5 10. Nd4 Qd7 11. O-O-O Ne6 12. Nxe6 Qxe6 13. Qe3 h5 14. Ne2 Nh6 15. Nd4 Qf7 16. e6 Qf6 17. f3 a6 18. c3 c5 19. Bg5 Qe5 20. Nxf5 Nxf5 21. Qxe5 Bxe5 22. Rxd5 Bd6 23. Bd3 O-O-O 24. Bxf5 gxf5 25. Rxf5 Rdg8 26. Rf7 Rg6 27. Re1 Rd8 28. f4 1-0

[Event "Kronborg Chess Open 2024 Master1"]
[Site "Helsingor"]
[Date "2024.05.12"]
[Round "7"]
[White "Larsen, Ole Bogh"]
[Black "Medhus, Vitus Bondo"]
[Result "0-1"]
[WhiteElo "2205"]
[BlackElo "2213"]
[PlyCount "66"]
[EventDate "2024.05.09"]
[EventType "tourn"]
[EventRounds "7"]
[EventCountry "DEN"]
[SourceTitle "Live from Kronborg Chess Open 2024"]

1. e4 e5 2. Nf3 Nc6 3. d4 exd4 4. Bc4 Nf6 5. e5 d5 6. Bb5 Ne4 7. Nxd4 Bd7 8. Bxc6 bxc6 9. O-O Bc5 10. f3 Ng5 11. Kh1 O-O 12. Nc3 Ne6 13. Nb3 Bb6 14. f4 f5 15. Ne2 Bc8 16. Ned4 Qe8 17. Be3 Nd8 18. c3 Bb7 19. Qd2 c5 20. Nf3 Qc6 21. Qf2 Ne6 22. Rac1 h6 23. Rfd1 a5 24. a4 Rad8 25. Nh4 d4 26. cxd4 Qxa4 27. dxc5 Rxd1+ 28. Rxd1 Qxb3 29. Rc1 Ba7 30. h3 Be4 31. Kh2 Rd8 32. Rc3 Qd1 33. Ng6 Bxc5 0-1

[Event "Kronborg Chess Open 2024 Master1"]
[Site "Helsingor"]
[Date "2024.05.12"]
[Round "7"]
[White "Zander, Emil"]
[Black "Jarlskov, Daniel Tuk Hartso"]
[Result "1/2-1/2"]
[WhiteElo "2124"]
[BlackElo "2125"]
[PlyCount "98"]
[EventDate "2024.05.09"]
[EventType "tourn"]
[EventRounds "7"]
[EventCountry "DEN"]
[SourceTitle "Live from Kronborg Chess Open 2024"]

1. e4 c6 2. d4 d5 3. e5 c5 4. c3 Nc6 5. Be2 Bf5 6. Nf3 e6 7. O-O Rc8 8. h3 h6 9. Be3 cxd4 10. cxd4 Qb6 11. Qd2 Bb4 12. Nc3 Nge7 13. Rac1 O-O 14. a3 Bxc3 15. Rxc3 Nb8 16. Rfc1 Nd7 17. b4 Rxc3 18. Rxc3 Rc8 19. b5 Qd8 20. Rxc8 Qxc8 21. Qa5 Qb8 22. Nd2 Bc2 23. g4 f6 24. Qb4 Kf7 25. exf6 Nxf6 26. Nf3 Nd7 27. Ne1 Be4 28. Ng2 Qc7 29. Qd2 Qc2 30. Ne1 Qxd2 31. Bxd2 e5 32. Be3 Nc8 33. f3 Bb1 34. Bd3 Bxd3 35. Nxd3 Nd6 36. dxe5 Nxb5 37. a4 Nc3 38. a5 b6 39. a6 d4 40. Bf2 Nc5 41. Nf4 Ne6 42. Nd3 Nc5 43. Nb2 Ke6 44. Kg2 Kxe5 45. Nc4+ Kd5 46. Nxb6+ Ke5 47. Bg3+ Ke6 48. Bf2 Ke5 49. Nc4+ Kd5 1/2-1/2

[Event "Kronborg Chess Open 2024 Master1"]
[Site "Helsingor"]
[Date "2024.05.12"]
[Round "7"]
[White "Rosenlund, Thorbjorn"]
[Black "Aamodt, Peder Marcus"]
[Result "1/2-1/2"]
[WhiteElo "2155"]
[BlackElo "2163"]
[PlyCount "137"]
[EventDate "2024.05.09"]
[EventType "tourn"]
[EventRounds "7"]
[EventCountry "DEN"]
[SourceTitle "Live from Kronborg Chess Open 2024"]

1. Nf3 d5 2. d4 Nf6 3. c4 e6 4. e3 a6 5. Nbd2 c5 6. cxd5 Nxd5 7. Nb3 Nd7 8. Be2 b5 9. e4 N5f6 10. dxc5 Bxc5 11. Nxc5 Nxc5 12. Qxd8+ Kxd8 13. e5 Nfe4 14. Ng5 Nxg5 15. Bxg5+ Ke8 16. Rc1 Nd7 17. Bf3 Rb8 18. Be3 Nxe5 19. Be4 Bd7 20. O-O Nc4 21. Ba7 Rc8 22. b3 Nd6 23. Bf3 Rxc1 24. Rxc1 Ke7 25. Bc5 Rd8 26. Rd1 Be8 27. b4 e5 28. Kf1 f5 29. Bb7 Ke6 30. Bxa6 Nb7 31. Rxd8 Nxd8 32. Bb6 Nf7 33. Ke2 Nd6 34. Bc5 Ne4 35. Bc8+ Kd5 36. Bxf5 Nxc5 37. bxc5 g6 38. Bc2 Kxc5 39. Bb3 Kd4 40. h4 h6 41. f3 g5 42. hxg5 hxg5 43. Kd2 Bg6 44. Be6 Bd3 45. a3 Bf1 46. Bh3 Bc4 47. Bf5 Bd5 48. Bb1 Bc6 49. Bf5 Bd5 50. Bc2 Be6 51. Bb1 g4 52. fxg4 Bxg4 53. Bd3 Bd7 54. g4 e4 55. Be2 Be8 56. g5 e3+ 57. Kc2 Bg6+ 58. Kd1 Be8 59. g6 Bxg6 60. Bxb5 Bh5+ 61. Ke1 Kc3 62. a4 Kb4 63. Bd7 Bf3 64. Be8 Ka5 65. Bd7 Bh5 66. Bc6 Kb6 67. Bd7 Ka6 68. Bc6 Ka5 69. Bd7 1/2-1/2